Normatividad Archivistica (Registro nro. 304633)

Detalles MARC
000 -ENCABEZADO
Número de control [NR] 01956nam a22002537a 4500
005 - FECHA Y HORA DE LA ÚLTIMA TRANSACCIÓN
control field 20160913133112.0
008 - DE LONGITUD FIJA DE DATOS DE ELEMENTOS - INFORMACIÓN GENERAL
Elementos de longitud fija [NR] 160913s1994 ck ||||r|||| 001 0 spa d
020 ## - NUMERO INTERNACIONAL NORMALIZADO PARA LIBROS [R]
Número Internacional Normalizado del libro [NR] 9589298265
040 ## - FUENTE DE CATALOGACION [NR]
Quien Cataloga Sandra Yazo
Quien Clasifica Sandra Yazo
041 0# - CODIGO DE IDIOMA [R]
Código de idioma para texto/pista de sonido o título separado [R] Español
082 04 - NUMERO DE CLASIFICACION DECIMAL DEWEY [R]
Número de la edición [NR] 20
Número de clasificación [R] 021.2
092 ## - SIGNATURA TOPOGRAFICA LOCAL
Número de clasificación local E63N070
111 2# - ASIENTO PRINCIPAL--NOMBRE DE REUNION [NR]
Nombre de reunión o de jurisdicción como elemento de entrada [NR] Archivo General de la Nación
Lugar de la reunión [NR] Bogotá (Colombia)
Fecha de la reunión [NR] Diciembre 1,2 y 30 de 1993
Unidad subordinada [R] Sistema Nacional de Archivos División de Programas Especiales
9 (RLIN) 79999
245 1# - MENCION DE TITULO [NR]
Título [NR] Normatividad Archivistica
Parte restante del título [NR] Memorias segundo seminario
Mención de responsabilidad, etc. [NR] Sistema Nacional de Archivos
260 ## - PUBLICACION, DISTRIBUCION, ETC. (PIE DE IMPRENTA) [R]
Lugar de publicación, distribución, etc. [R] Bogotá (Colombia)
Nombre del editor, distribuidor, etc. [R] Archivo General de la Nación
Fecha de publicación, distribución, etc. [R] 1994
300 ## - DESCRIPCION FISICA [R]
Extensión [R] 212, [19] páginas
Dimensiones [R] 24 x 17 cm
500 ## - NOTA GENERAL [R]
Nota general [NR] Detalles físicos: Encuadernación flexible en cartulina con tapas ilustradas y datos de publicación impresos. Texto impreso en una sola columna. Ejemplar en buen estado de conservación
505 0# - NOTA DE CONTENIDO CON FORMATO PREESTABLECIDO [R]
Nota de contenido con formato preestablecido [NR] Presentación ; Instalación / Jorge Palacios Preciado / Una política archivística para Colombia / Nicolás Boris Esguerra Pardo / Reflexiones sobre el patrimonio y sus normas / Juan Manuel Ospina Restrepo ; La importancia de la norma / Fabio Tobón Londoño ; Reglamento general de Archivo / Jacqueline Murillo Sánchez ; El desarrollo del SNA de México / José Antonio Ramírez Deleón ; Sistema Nacional de Archivos: Informe de avance sobre su desarrollo / Myriam Mejía ; La normalización en el proyecto de Red departamental de Archivos / Gloria Margarita Rendón ; Los archivos y la Investigación / Jaime Jaramillo Uribe ; Informes de los comités especializados ; Informe general de comentarios al documento “Proyecto de reglamento general de archivos” ; Proposiciones ; Anexos.
506 ## - NOTA DE RESTRICCIONES DE ACCESO [R]
Condiciones de acceso [NR] Consulta en sala
650 #7 - ASIENTO SECUNDARIO DE MATERIA - TERMINO TEMATICO [R]
9 (RLIN) 18328
Término temático o nombre geográfico como elemento de entrada [NR] Legislación archivística
Subdivisión general [R] Congresos, conferencias, etc.
Subdivisión geográfica [R] Colombia
650 #7 - ASIENTO SECUNDARIO DE MATERIA - TERMINO TEMATICO [R]
Término temático o nombre geográfico como elemento de entrada [NR] Archivos
Subdivisión general [R] Congresos, conferencias, etc.
9 (RLIN) 79883
690 ## - ASUNTO AGREGADO LOCAL DE ENTRADA - TÉRMINO TEMÁTICO (OCLC, RLIN)
Acceso temático local Bibliotecología
9 (RLIN) 10049
942 ## - ELEMENTOS DE ENTRADA AGREGADOS (KOHA)
Sistema de clasificación LOCAL
Tipo de ítem principal el descrito en 300a Libro
Edición 1
Clasificación E63N070
Existencias
Suprimido Perdido Sistema de clasificación Dañado No prestable Tipo de ítem específico Ubicación habitual Ubicación actual Localización Fecha de creación Forma de adquisición Costo Total préstamos Signatura topográfica Código de barras Última vez visto Ejemplar Price effective from Tipo de ítem
    LOCAL     Libro archivo Archivo Histórico Archivo Histórico Archivo histórico 13/09/2016 Donación 0.00   E63N070 L005877 13/09/2016 Ej.1 13/09/2016 Libro